|
|
|
|
| LEADER |
00000cam a2200000 7i4500 |
| 001 |
0000001447 |
| 005 |
20010628.0 |
| 020 |
0 |
0 |
|a 9839997777
|
| 090 |
0 |
0 |
|a 621.36780959
|b REM 1997
|
| 245 |
0 |
0 |
|a REMOTE sensing applications for forest resource monitoring in ASEAN
|
| 260 |
0 |
0 |
|a Kuala Lumpur :
|b AIFM ,
|c 1997
|
| 300 |
|
|
|a xv, 58 p. ;
|c 24 cm.
|
| 440 |
0 |
0 |
|a AIFM technical report ; n. 27
|
| 500 |
0 |
0 |
|a Bibliography : [p. 47-50]
|
| 650 |
0 |
0 |
|a Forests and forest remote sensing
|z Asia, Southeastern
|
| 650 |
0 |
0 |
|a Forests and forestry
|z Asia, Southeastern
|
| 650 |
0 |
0 |
|a Remote sensing
|z Asia, Southeastern
|
| 710 |
1 |
1 |
|a ASEAN Institute of Forest Management (AIFM)
|
| 998 |
|
|
|a JPSM
|
| 999 |
|
|
|a 0000002455
|b Monograph
|c Open Shelf
|e Default branch
|